| 000 | 00512nam a2200205Ia 4500 | ||
|---|---|---|---|
| 005 | 20250425162615.0 | ||
| 008 | 250425s9999 xx 000 0 und d | ||
| 020 | _a9780534380588 | ||
| 041 | _aeng | ||
| 082 | _a003 | ||
| 100 | _aWINSTON, WAYNE L. | ||
| 245 | 0 | _aOPERATIONS RESEARCH: APPLICATIONS AND ALGORITHMS | |
| 250 | _a4TH ED. | ||
| 260 | _aBELMONT | ||
| 260 |
_aEstados Unidos _bBROOK/COLE _c2004 |
||
| 300 | _a1418 | ||
| 650 | _aINVESTIGACION DE OPERACIONES | ||
| 942 | _c01 | ||
| 010 | _a90130 | ||
| 999 |
_c232717 _d232717 |
||